| 000 | 00691nam a2200205 4500 | ||
|---|---|---|---|
| 001 | 112025 | ||
| 003 | ES-MaACL | ||
| 005 | 20230906185417.0 | ||
| 007 | t| | ||
| 008 | 061121s1909 it r ||||1| ita d | ||
| 100 | 1 |
_aNiccoli, Vittorio. _985529 |
|
| 245 | 1 | 0 |
_aCooperative rurali _b: di credito, di lavoro, di produzione, di assicurazione, di mutuo soccorso, di consumo, di acquisto di materie prime, di vendita di prodotti agrari / _cV. Niccoli. |
| 250 | _a2. ed. riv. ed ampl. | ||
| 260 |
_aMilano : _bHoepli, _c1909. |
||
| 300 |
_aVII, 393 p. ; _c15 x 10 cm. |
||
| 490 | 1 | _aManuali hoepli | |
| 830 | 0 |
_aManuali hoepli _9180782 |
|
| 852 |
_aES-MaACL _jD-3611 |
||
| 999 |
_c112025 _d112025 |
||